000 00309nam a2200121 a 4500
008 100914s1988|||| d
100 1 _aDruon, Maurice
245 1 0 _aPrekliati králi zv6
_bĽalia a Lev
260 _bSlovenský spisovateľ
_aBratislava
_c1988
020 _c21
044 _axo
_cSK
041 _aslo
999 _c10323
_d10323